| 000 | 00963nam a2200265Ia 4500 | ||
|---|---|---|---|
| 003 | OSt | ||
| 005 | 20221005105411.0 | ||
| 006 | a|||||r|||| 00| 0 | ||
| 007 | ta | ||
| 008 | 221004b |||||||| |||| 00| 0 hin d | ||
| 020 |
_a8121406560 (hbk) _cIndian Rupees 400 |
||
| 024 | _a27855 | ||
| 037 |
_bGift, 29/09/2016, _cTextual |
||
| 040 |
_aCRL _cCRL _bhin |
||
| 041 |
_2hin _ahin |
||
| 082 | _aO152,1:gN, L8 | ||
| 100 | _aहरदयाल | ||
| 245 | 0 | _aआधुनिक हिंदी कविता का अभिव्यंजनाशिल्प | |
| 246 | _aĀdhunik hiandī kavitā kā abhivyanjanāshilpa | ||
| 260 |
_aनई दिल्ली _bनेशनल पब्लिशिंग हाउस भारत _c1997 |
||
| 300 |
_a402पृ0 _ccm. |
||
| 650 | _aहिन्दी साहित्य | ||
| 942 |
_hO152,1:gN, L8 _cTEXL _2cc |
||
| 999 |
_c1015712 _d1015712 |
||